000 00867nam a2200229 u 4500
005 20240413063828.0
008 160502s2015 mx r 000 0 spa d
020 _a9786079276911
035 _aUPN01000209983
049 _aCG
050 4 _aF1234
_bM4.24
110 1 _aMéxico.
_bCongreso Constituyente (1916-1917)
_923992
245 1 0 _a50 discursos doctrinales en el Congreso Constituyente de la Revolución Mexicana, 1916-1917 /
_ccomp., notas biográficas y efemérides Jesús Castañón.
260 _aMéxico :
_bSEP :
_bINEHRM,
_c2015.
300 _a434 p. :
_bil.
440 0 _aBiblioteca mexicana del conocimiento.
_pEstudios constitucionales
610 1 4 _aMéxico.
_bCongreso Constituyente (1916-1917)
_923992
651 4 _aMéxico
_xHistoria constitucional
_94597
700 1 _aCastañón, Jesús,
_ecomp.
_939055
905 _aLibro
999 _c182084
_d182084